| 000 | 00399nam a22001697a 4500 | ||
|---|---|---|---|
| 005 | 20160701160908.0 | ||
| 008 | 160701b xxu||||| |||| 00| 0 eng d | ||
| 020 | _a978-81-8472-269-7 | ||
| 041 | _aeng | ||
| 082 | _b20765 | ||
| 100 |
_aJalaludeen S Md _93426 |
||
| 245 | _aDesign data handbook | ||
| 260 |
_banuradha _c2014 |
||
| 300 | _a36.32 | ||
| 650 |
_aDiploma Engineering _9817 |
||
| 942 | _cBK | ||
| 999 |
_c5126 _d5124 |
||